Chelsea FC Most Appearances Per Squad Number - Statistics

General Stats
  • This quiz has been taken 26 times
  • The average score is 15 of 30
Answer Stats
# Games Answer % Correct
8 648 Frank Lampard
100%
26 717 John Terry
100%
1 494 Petr Čech
90%
11 341 Didier Drogba
86%
3 338 Ashley Cole
81%
10 352 Eden Hazard
81%
28 508 César Azpilicueta
71%
2 377 Branislav Ivanović
67%
9 177 Jimmy Floyd Hasselbaink
67%
24 290 Gary Cahill
62%
19 120 Diego Costa
57%
25 312 Gianfranco Zola
57%
5 256 Michael Essien
57%
7 269 N'Golo Kanté
57%
6 210 Ricardo Carvalho
52%
22 339 Willian
52%
30 248 David Luiz
48%
12 372 John Obi Mikel
48%
15 229 Florent Malouda
43%
4 217 Claude Makélélé
38%
13 154 Thibaut Courtois
33%
29 139 Kai Havertz
24%
21 154 Nemanja Matić
24%
27 161 Andreas Christensen
19%
16 175 Roberto Di Matteo
19%
20 217 Paulo Ferreira
14%
18 142 Wayne Bridge
14%
23 216 Carlo Cudicini
10%
14 213 Graeme Le Saux
10%
17 126 José Bosingwa
5%
No matching quizzes found
Score Distribution
Percent of People with Each Score
Percentile by Number Answered
Your Score History
You have not taken this quiz